La reacción de Reimer-Tiemann en la serie ciclánica / (Record no. 62410)

MARC details
000 -LEADER
campo de control de longitud fija 00651nam a2200193 i 4500
001 - NÚMERO DE CONTROL
campo de control 62410
003 - IDENTIFICADOR DE NÚMERO DE CONTROL
campo de control ES-MaACL
005 - FECHA Y HORA DE LA ÚLTIMA TRANSACCIÓN
campo de control 20250815113537.0
007 - CAMPO FIJO DE DESCRIPCIÓN FÍSICA--INFORMACIÓN GENERAL
campo de control de longitud fija t|
008 - DATOS DE LONGITUD FIJA--INFORMACIÓN GENERAL
campo de control de longitud fija 031120s1928 sp ||||1| spa d
100 1# - ENTRADA PRINCIPAL--NOMBRE DE PERSONA
Nombre de persona Fernández y Rodríguez, Obdulio,
Fechas asociadas al nombre 1883-1982
9 (RLIN) 50192
245 13 - MENCIÓN DEL TÍTULO
Título La reacción de Reimer-Tiemann en la serie ciclánica /
Mención de responsabilidad, etc. Obdulio Fernández.
260 ## - PUBLICACIÓN, DISTRIBUCIÓN, ETC.
Lugar de publicación, distribución, etc. Madrid :
Nombre del editor, distribuidor, etc. [s.n.,
Fecha de publicación, distribución, etc. 1928]
300 ## - DESCRIPCIÓN FÍSICA
Extensión 4 h. ;
Dimensiones 21 cm.
595 ## -
-- Tirada aparte de: Anales de la Sociedad Española de Física y Química, t. 26, p. 33-39.
650 #7 - PUNTO DE ACCESO ADICIONAL DE MATERIA--TÉRMINO DE MATERIA
Término de materia o nombre geográfico como elemento de entrada Reacciones químicas
Fuente del encabezamiento o término embne
9 (RLIN) 16682
852 ## - LOCALIZACIÓN
Ubicación ES-MaACL
Número de control de estantería 1714-F-18
Holdings
Estatus retirado Estado de pérdida Estado de daño No para préstamo Colección Biblioteca de origen Biblioteca actual Ubicación en estantería Fecha de adquisición Fuente de adquisición Total de préstamos Signatura topográfica completa Código de barras Visto por última vez Precio de reemplazo Tipo de ítem Koha
        Colección de folletos Biblioteca del Ateneo de Madrid Biblioteca del Ateneo de Madrid Depósito folletos 17/01/2008     1714-F-18 1065427 23/02/2023 23/02/2023 Folleto